[Event "Lansing (MOR/2/1)"]
[Site "?"]
[Date "1997.??.??"]
[Round "?"]
[White "James, Larry"]
[Black "Marson, Michael"]
[Result "0-1"]
[WhiteElo "1605"]
[BlackElo "1795"]
[PlyCount "142"]
[EventDate "1997.??.??"]

{2/(1)} 1. e4 e6 2. d4 d5 3. e5 c5 4. c3 Nc6 5. Nf3 Qb6 6. Bd3 Bd7 7. O-O cxd4
8. cxd4 Nxd4 9. Nxd4 Qxd4 10. Nc3 Qxe5 11. Re1 Qb8 12. Nxd5 Bd6 13. g3 Ne7 14.
Nf4 O-O 15. Qg4 Ng6 16. Nxg6 fxg6 17. Be3 Qd8 18. Bc4 Qf6 19. Bd4 Qf5 20. Qxf5
Rxf5 21. Bxe6+ Bxe6 22. Rxe6 Rd5 23. Bc3 Rd8 24. Rae1 b5 25. a3 Rd3 26. Re8+
Rxe8 27. Rxe8+ Kf7 28. Rh8 h5 29. Ra8 Bc5 30. h4 g5 31. Kg2 gxh4 32. gxh4 Rd6
33. Be5 Re6 34. f4 a6 35. b4 Be7 36. Ra7 Kg6 37. Kh3 Bf6 38. Bxf6 Kxf6 39. Kg2
Rc6 40. Rd7 g6 41. Rd3 Kf5 42. Kf3 Rc1 43. Rd5+ Ke6 44. Rd3 Rh1 45. Kg3 Re1 46.
Kf2 Re4 47. Kf3 Rc4 48. Re3+ Kd5 49. Re5+ Kd4 50. Re4+ Kd5 51. Re5+ Kd6 52. Re3
a5 53. bxa5 Ra4 54. Rc3 Rxa5 55. Ke3 Ke6 56. Rc6+ Kf5 57. Rc5+ Kg4 58. a4 Rxa4
59. Rxb5 Ra3+ 60. Ke4 Kxh4 61. f5 Ra4+ 62. Kf3 g5 63. Re5 Rf4+ 64. Ke3 Kg4 65.
Re4 Kxf5 66. Re8 Kg4 67. Rg8 h4 68. Ke2 h3 69. Ke3 h2 70. Rh8 Rf3+ 71. Ke2 Rh3
0-1

[Event "Lansing (MOR/4/23)"]
[Site "?"]
[Date "1997.??.??"]
[Round "?"]
[White "James, Larry"]
[Black "Jackson, T."]
[Result "1-0"]
[WhiteElo "1605"]
[BlackElo "1605"]
[PlyCount "95"]
[EventDate "1997.??.??"]

{4/(23)} 1. e4 e6 2. d4 d5 3. e5 c5 4. c3 cxd4 5. cxd4 Bd7 6. Nf3 Be7 7. Nc3 a6
8. Be2 f6 9. O-O Nc6 10. Bf4 Qc7 11. exf6 Qxf4 12. fxg7 Qf6 13. gxh8=Q Qxh8 14.
Rc1 O-O-O 15. a3 Qg7 16. b4 e5 17. Nxd5 Bh3 18. Nxe7+ Ngxe7 19. g3 Bxf1 20.
Bxf1 e4 21. Ne5 Kb8 22. Nxc6+ Nxc6 23. d5 Nd4 24. Bg2 Rxd5 25. Bxe4 Qd7 26.
Bxd5 Qxd5 27. Rc3 Qe5 28. Re3 Qg7 29. Re4 Nc6 30. Qd6+ Ka7 31. Qc5+ Ka8 32.
Re8+ Nb8 33. Qe5 Qxe5 34. Rxe5 Nc6 35. Rh5 Nd4 36. a4 Nc2 37. b5 axb5 38. axb5
Nd4 39. f4 Ka7 40. Rd5 Nf3+ 41. Kf2 Nxh2 42. Rg5 h6 43. Rg8 h5 44. f5 Ng4+ 45.
Rxg4 hxg4 46. f6 Kb6 47. f7 Kxb5 48. f8=Q 1-0

[Event "Lansing (MOR/6/36)"]
[Site "?"]
[Date "1997.??.??"]
[Round "?"]
[White "Jackson, T."]
[Black "Rosebrook, G."]
[Result "1-0"]
[WhiteElo "1605"]
[BlackElo "1605"]
[PlyCount "64"]
[EventDate "1997.??.??"]

{6/(36)} 1. e4 c5 2. Nf3 e6 3. d4 Be7 4. Be3 Nf6 5. Nc3 a6 6. h3 d6 7. dxc5
dxc5 8. Qxd8+ Kxd8 9. Ne5 Ke8 10. Na4 Nxe4 11. Bd3 f5 12. Bxe4 fxe4 13. Nxc5 b6
14. Nxe4 Bf6 15. Nxf6+ gxf6 16. Nc4 Ke7 17. Nxb6 Nc6 18. Nxa8 Rg8 19. Bc5+ Kf7
20. g4 Ne5 21. O-O-O Bb7 22. Nc7 Bxh1 23. Rxh1 a5 24. Bd6 Nc4 25. Bg3 a4 26. b3
axb3 27. axb3 Nb6 28. Re1 e5 29. f4 Rc8 30. Nb5 Rc5 31. Nd6+ Ke6 32. fxe5 fxe5
1-0

[Event "Lansing (MOR/2/40)"]
[Site "?"]
[Date "1997.??.??"]
[Round "?"]
[White "Jackson, T."]
[Black "Moore, A."]
[Result "1-0"]
[WhiteElo "1605"]
[BlackElo "1605"]
[PlyCount "131"]
[EventDate "1997.??.??"]

{2/(40)} 1. e4 d5 2. exd5 Qxd5 3. Nc3 Qa5 4. d4 Nf6 5. Bc4 e6 6. Bd2 c6 7. Nd5
Qd8 8. Nxf6+ Qxf6 9. Be3 Bd6 10. Nf3 h6 11. O-O O-O 12. Bd3 Nd7 13. c4 b6 14.
Qd2 e5 15. d5 Nc5 16. Bxc5 Bxc5 17. Rad1 Bb7 18. b4 Be7 19. Be4 Rad8 20. Qc3
cxd5 21. Bxd5 Bxd5 22. Rxd5 Rxd5 23. cxd5 Bd6 24. Re1 Re8 25. Qc6 Qe7 26. a3 f6
27. Nh4 Rd8 28. Nf5 Qd7 29. Qxd7 Rxd7 30. Nxd6 Rxd6 31. Rd1 Kf8 32. Kf1 Ke7 33.
Ke2 Rd7 34. Ke3 f5 35. f3 g6 36. g4 Kd6 37. gxf5 gxf5 38. Rg1 Rc7 39. Rg6+ Kxd5
40. Rxh6 Rc3+ 41. Kf2 Rxa3 42. h4 Rb3 43. Rh7 Rxb4 44. h5 Ra4 45. h6 a5 46. Rb7
Kc6 47. Rf7 Rh4 48. Rh7 f4 49. Rh8 Kc5 50. h7 b5 51. Rc8+ Kb4 52. h8=Q Rxh8 53.
Rxh8 a4 54. Ke2 Kc3 55. Rc8+ Kb2 56. Rb8 a3 57. Rxb5+ Kc2 58. Ra5 Kb2 59. Kd3
a2 60. Kc4 e4 61. fxe4 f3 62. Kd3 a1=Q 63. Rxa1 Kxa1 64. Ke3 f2 65. Kxf2 Kb2
66. e5 1-0

[Event "Lansing (MOR/5/31)"]
[Site "?"]
[Date "1997.??.??"]
[Round "?"]
[White "Jackson, T."]
[Black "Mahabir, Jagdesh"]
[Result "0-1"]
[WhiteElo "1605"]
[BlackElo "1605"]
[PlyCount "149"]
[EventDate "1997.??.??"]

{5/(31)} 1. e4 e5 2. Nf3 Nc6 3. d3 Nf6 4. Bg5 Be7 5. Nbd2 h6 6. Bh4 d6 7. Be2
Be6 8. a3 Nd7 9. Bxe7 Nxe7 10. d4 Bg4 11. d5 Nc5 12. h3 Bxf3 13. Bxf3 Ng6 14.
g3 Qe7 15. b4 Nd7 16. c4 O-O 17. O-O Qg5 18. Bg4 Qe7 19. h4 Nf6 20. Bh3 Nd7 21.
Rc1 a5 22. Bxd7 Qxd7 23. Kh2 f5 24. b5 b6 25. a4 Rf7 26. Qh5 Nf8 27. Rc3 fxe4
28. Nxe4 Qf5 29. Qxf5 Rxf5 30. Nd2 Nd7 31. f4 Raf8 32. Nb3 Nc5 33. Nxc5 bxc5
34. Rcf3 exf4 35. Rxf4 Rxf4 36. Rxf4 Rxf4 37. gxf4 Kf7 38. Kg3 h5 39. Kf3 Kf6
40. Ke3 Kf5 41. Kf3 g6 42. Ke3 Kg4 43. Ke4 Kxh4 44. f5 gxf5+ 45. Kxf5 Kg3 46.
b6 cxb6 47. Ke6 h4 48. Kxd6 h3 49. Kc7 h2 50. d6 h1=Q 51. d7 Qh7 52. Kc8 Qf5
53. Kc7 Qf7 54. Kc8 Qxc4 55. d8=Q Qb4 56. Qd3+ Kf4 57. Qf1+ Ke4 58. Kc7 Kd4 59.
Qd1+ Kc4 60. Qc2+ Qc3 61. Qe4+ Kb3 62. Kxb6 Qb4+ 63. Qxb4+ Kxb4 64. Kc6 c4 65.
Kd5 c3 66. Kd4 Kb3 67. Kc5 c2 68. Kb5 c1=Q 69. Kxa5 Qc8 70. Kb5 Qa8 71. a5 Ka3
72. a6 Qa7 73. Ka5 Kb3 74. Kb5 Kc3 75. Ka5 0-1

[Event "Lansing (MOR/7/11)"]
[Site "?"]
[Date "1997.??.??"]
[Round "?"]
[White "Iyer, Krishnan"]
[Black "Treacy, Joe"]
[Result "0-1"]
[WhiteElo "1605"]
[BlackElo "1650"]
[PlyCount "74"]
[EventDate "1997.??.??"]

{7/(11)} 1. e4 c5 2. Nf3 d6 3. d4 cxd4 4. Nxd4 Nf6 5. Nc3 a6 6. Be2 Nbd7 7. Be3
e5 8. Nf5 Nb6 9. Ng3 Be6 10. f4 exf4 11. Bxf4 Be7 12. Nf5 Bxf5 13. exf5 O-O 14.
O-O Rc8 15. Be3 Qc7 16. Bf3 Nc4 17. Bc1 b5 18. Nd5 Nxd5 19. Bxd5 Bf6 20. c3
Rfe8 21. Bxc4 Qxc4 22. Qxd6 Rcd8 23. Qg3 Re2 24. Bh6 Kh8 25. Bg5 Bxg5 26. Qxg5
Qd5 27. h4 h6 28. Qg4 Qc5+ 29. Kh1 Rxb2 30. Rf3 Rdd2 31. Rg3 Qe5 32. a4 Rf2 33.
axb5 Rf4 34. Qd1 Rxh4+ 35. Kg1 Qxg3 36. Qd8+ Kh7 37. Qd5 Qe3+ 0-1

[Event "Lansing (MOR/2/8)"]
[Site "?"]
[Date "1997.??.??"]
[Round "?"]
[White "Iyer, Krishnan"]
[Black "Rotberg, Victor"]
[Result "1-0"]
[WhiteElo "1605"]
[BlackElo "1710"]
[PlyCount "118"]
[EventDate "1997.??.??"]

{2/(8)} 1. e4 c5 2. Nf3 d6 3. d4 cxd4 4. Nxd4 Nf6 5. Nc3 a6 6. Be2 e5 7. Nb3
Be7 8. O-O O-O 9. Kh1 Be6 10. f4 exf4 11. Bxf4 Nc6 12. Bf3 Ne5 13. Nd5 Nxd5 14.
exd5 Bf5 15. Be2 Rc8 16. Nd4 Bg6 17. b3 Bf6 18. a4 Re8 19. Rc1 Bg5 20. Bxg5
Qxg5 21. c4 Qe3 22. Nf3 Ng4 23. Qd4 h5 24. Qxe3 Rxe3 25. Bd1 Rce8 26. h3 Bd3
27. Rg1 Nf2+ 28. Kh2 a5 29. Bc2 Bxc2 30. Rxc2 Ne4 31. Nd4 Rd3 32. Nb5 Rxb3 33.
Re2 Kf8 34. Rge1 f5 35. Nc7 Rc8 36. Ne6+ Kf7 37. g4 hxg4 38. hxg4 Rh8+ 39. Kg1
Rg3+ 40. Rg2 Rhh3 41. gxf5 Nc3 42. Ng5+ Rxg5 43. Rxg5 Kf6 44. Rg2 Kxf5 45. Rxg7
Nxa4 46. Rf7+ Kg6 47. Rxb7 Rc3 48. Re6+ Kf5 49. Rf7+ Kg5 50. Rxd6 Rxc4 51. Rc6
Rd4 52. d6 Kg6 53. Rf2 Nc5 54. Rxc5 Rxd6 55. Rxa5 Rd3 56. Raf5 Rd6 57. R5f3
Rd1+ 58. Rf1 Rd6 59. Rg3+ Kh5 1-0

[Event "Michigan Senior"]
[Site "Ann Arbor, MI"]
[Date "1997.??.??"]
[Round "3.6"]
[White "Iyer, Krishnan"]
[Black "Meza, L."]
[Result "0-1"]
[WhiteElo "1605"]
[BlackElo "1775"]
[PlyCount "66"]
[EventDate "1997.??.??"]

{3/(6)} 1. e4 c5 2. Nf3 Nc6 3. d4 cxd4 4. Nxd4 d6 5. c4 Nf6 6. Nc3 g6 7. Be2
Bg7 8. g4 O-O 9. Be3 Be6 10. f4 Qb6 11. Nxc6 Qxc6 12. Nd5 Rfe8 13. f5 Bd7 14.
Qd3 Nxe4 15. Qxe4 e6 16. f6 exd5 17. cxd5 Qc7 18. Qf3 Rxe3 19. Qxe3 Bxf6 20.
O-O Bxb2 21. Rab1 Be5 22. Rfc1 Qd8 23. Rxb7 Bc8 24. Rbc7 Qe8 25. Qf2 a6 26. h3
Bd7 27. Rf1 Rb8 28. Qa7 Rb4 29. Rd1 Bh2+ 30. Kf1 Bb5 31. Qf2 Bxe2+ 32. Qxe2
Rf4+ 33. Ke1 Re4 0-1

[Event "Lansing (MOR/4/4)"]
[Site "?"]
[Date "1997.??.??"]
[Round "?"]
[White "Iyer, Krishnan"]
[Black "Marson, Michael"]
[Result "0-1"]
[WhiteElo "1605"]
[BlackElo "1795"]
[PlyCount "72"]
[EventDate "1997.??.??"]

{4/(4)} 1. e4 e6 2. d4 d5 3. Nd2 c5 4. Ngf3 Nf6 5. e5 Nfd7 6. c3 Nc6 7. Bb5 Qb6
8. Bxc6 bxc6 9. O-O cxd4 10. cxd4 Be7 11. Nb3 O-O 12. Be3 f6 13. Rc1 fxe5 14.
Nxe5 Nxe5 15. dxe5 Qc7 16. f4 Ba6 17. Nc5 Bxc5 18. Bxc5 Bxf1 19. Bxf8 Rxf8 20.
Qxf1 Qb6+ 21. Qf2 Qxf2+ 22. Kxf2 Rxf4+ 23. Ke3 Re4+ 24. Kd3 Rxe5 25. Rxc6 Re1
26. Ra6 Rg1 27. Rxe6 Rxg2 28. Re2 Rxe2 29. Kxe2 Kf7 30. b4 Ke6 31. Ke3 g5 32.
a4 h5 33. a5 g4 34. b5 Kd6 35. Kd4 h4 36. a6 Kc7 0-1

[Event "Michigan Senior"]
[Site "Ann Arbor, MI"]
[Date "1997.??.??"]
[Round "1.5"]
[White "Iyer, Krishnan"]
[Black "LaForge, Tom"]
[Result "0-1"]
[WhiteElo "1605"]
[BlackElo "1965"]
[PlyCount "52"]
[EventDate "1997.??.??"]

{1/(5)} 1. e4 e6 2. d4 d5 3. Nc3 Nf6 4. e5 Nfd7 5. f4 c5 6. Nf3 Nc6 7. Be3 a6
8. Be2 b5 9. a3 Qb6 10. dxc5 Bxc5 11. Bxc5 Nxc5 12. Nd4 Bd7 13. Nxc6 Bxc6 14.
Qd4 O-O 15. O-O f6 16. exf6 Rxf6 17. Bf3 Raf8 18. Nd1 Rxf4 19. Qe3 d4 20. Qe2
Bxf3 21. Rxf3 d3 22. Qf2 dxc2 23. Rxf4 cxd1=Q+ 24. Rxd1 Rxf4 25. Qc2 Nd3+ 26.
Kh1 Nf2+ 0-1

[Event "Lansing (MOR/5/6)"]
[Site "?"]
[Date "1997.??.??"]
[Round "?"]
[White "Iyer, Krishnan"]
[Black "Herron, J."]
[Result "0-1"]
[WhiteElo "1605"]
[BlackElo "1740"]
[PlyCount "56"]
[EventDate "1997.??.??"]

{5/(6)} 1. e4 d6 2. d4 Nf6 3. Nc3 g6 4. Nf3 Bg7 5. h3 O-O 6. Bd3 Nbd7 7. O-O e5
8. dxe5 dxe5 9. Be3 c6 10. Qd2 Qc7 11. Nh2 Nh5 12. Ne2 f5 13. Bh6 f4 14. Bxg7
Kxg7 15. Nf3 Ndf6 16. Qc3 Re8 17. Qe1 h6 18. Nc3 g5 19. Be2 g4 20. hxg4 Bxg4
21. Nh2 Bxe2 22. Qxe2 Qb6 23. Qc4 Rg8 24. Na4 Qc7 25. Nc5 Kh8 26. Kh1 Qg7 27.
Rg1 Ng4 28. Qe2 Nxf2+ 0-1

[Event "Lansing (MOR/2/31)"]
[Site "?"]
[Date "1997.??.??"]
[Round "?"]
[White "Imai, Toshio"]
[Black "Van Den Abell, Tom"]
[Result "1-0"]
[WhiteElo "1605"]
[BlackElo "1605"]
[PlyCount "69"]
[EventDate "1997.??.??"]

{2/(31)} 1. e4 e6 2. d4 d5 3. e5 c5 4. c3 Nc6 5. Nf3 Bd7 6. a3 Qb6 7. Be2 Nge7
8. O-O Nf5 9. g4 Nfxd4 10. cxd4 Nxd4 11. Nxd4 cxd4 12. b4 a6 13. Bb2 Qd8 14. f4
Qh4 15. Bxd4 Be7 16. Bf2 Qh6 17. g5 Bxg5 18. fxg5 Qxg5+ 19. Bg3 Bc6 20. Qd2 Qg6
21. Bd3 Qg4 22. Qf4 Qxf4 23. Rxf4 O-O 24. Nd2 Rad8 25. Raf1 Rd7 26. Nb3 b6 27.
Nd4 Re8 28. Nxc6 b5 29. Be2 Rc8 30. Nd4 Rcc7 31. Nxe6 Rb7 32. Nxg7 Kxg7 33.
Rg4+ Kf8 34. e6 Rdc7 35. Bd6+ 1-0

[Event "Lansing (MOR/6/24)"]
[Site "?"]
[Date "1997.??.??"]
[Round "?"]
[White "Imai, Toshio"]
[Black "Sinke, Brian"]
[Result "1/2-1/2"]
[WhiteElo "1605"]
[BlackElo "1605"]
[PlyCount "113"]
[EventDate "1997.??.??"]

{6/(24)} 1. e4 c5 2. d4 cxd4 3. c3 d6 4. Bc4 e6 5. cxd4 Nc6 6. Nf3 Nf6 7. Nc3
d5 8. e5 Ng8 9. Bd3 a6 10. O-O Bd7 11. Ng5 Nh6 12. Nxh7 Qb6 13. Bxh6 gxh6 14.
Nf6+ Kd8 15. Qg4 Qxd4 16. Rad1 Qxe5 17. Nxd7 Kxd7 18. Nxd5 Bd6 19. Qg3 Rag8 20.
Qxe5 Bxe5 21. Ne3 Ke7 22. Nc4 h5 23. Be4 Rg4 24. f3 Rh4 25. g3 Rg8 26. Nxe5
Nxe5 27. Rf2 Rf4 28. Rc1 b6 29. Rc7+ Kd6 30. Rb7 h4 31. Rxb6+ Ke7 32. Rb7+ Kf6
33. Rg2 Nxf3+ 34. Bxf3 Rxf3 35. Rf2 Rf5 36. Rxf5+ Kxf5 37. Rxf7+ Ke5 38. Kf2
hxg3+ 39. hxg3 Rg4 40. b3 Rd4 41. Ke2 Re4+ 42. Kf2 Rd4 43. a3 Rg4 44. Rf3 Kd4
45. Rf4+ Rxf4+ 46. gxf4 Ke4 47. Kg3 e5 48. fxe5 Kxe5 49. Kf2 Kd4 50. Ke2 Kc3
51. b4 Kb3 52. Kd2 Kxa3 53. Kc2 Kxb4 54. Kb2 a5 55. Ka2 a4 56. Kb2 a3+ 57. Ka2
1/2-1/2

[Event "Lansing (MOR/7/24)"]
[Site "?"]
[Date "1997.??.??"]
[Round "?"]
[White "Imai, Toshio"]
[Black "Paul, Dennis"]
[Result "1/2-1/2"]
[WhiteElo "1605"]
[BlackElo "1605"]
[PlyCount "43"]
[EventDate "1997.??.??"]

{7/(24)} 1. e4 e6 2. d4 d5 3. e5 b6 4. Nf3 Ba6 5. Bd3 Bxd3 6. Qxd3 c5 7. c3
cxd4 8. cxd4 Nc6 9. Nc3 Bb4 10. a3 Be7 11. Bd2 f6 12. Rc1 Na5 13. Nb5 Nc4 14.
b3 Nxd2 15. Nxd2 h6 16. Nc7+ Kf7 17. Nxa8 Qxa8 18. Rc7 fxe5 19. Qf3+ Ke8 20.
Qh5+ Kf8 21. Qxe5 Qd8 22. Rxe7 1/2-1/2

[Event "Lansing (MOR/4/33)"]
[Site "?"]
[Date "1997.??.??"]
[Round "?"]
[White "Imai, Toshio"]
[Black "Evans Sr., Thomas"]
[Result "1-0"]
[WhiteElo "1605"]
[BlackElo "1605"]
[PlyCount "85"]
[EventDate "1997.??.??"]

{4/(33)} 1. e4 e6 2. d4 d5 3. e5 c5 4. c3 c4 5. Nf3 Ne7 6. Bg5 Qd7 7. Nbd2 Ng6
8. b3 b5 9. a4 Ba6 10. axb5 Qxb5 11. bxc4 dxc4 12. Bxc4 Qc6 13. Bxa6 Nxa6 14.
O-O Be7 15. d5 exd5 16. Nd4 Qxc3 17. Qa4+ Kf8 18. Bxe7+ Nxe7 19. N2f3 Nc5 20.
Qd1 Qd3 21. Qc1 Nb3 22. Nxb3 Qxb3 23. Rb1 Qc4 24. Qg5 h6 25. Qe3 Qe4 26. Qa3 d4
27. Rfe1 Qd5 28. Rbd1 Qb7 29. Nxd4 Kg8 30. e6 fxe6 31. Nxe6 Ng6 32. Qa2 Kh7 33.
Qc2 Rac8 34. Qf5 Rce8 35. Re3 Qb6 36. Rd7 Rhg8 37. Ng5+ Kh8 38. Nf7+ Kh7 39.
Rd6 Re6 40. Rdxe6 Rc8 41. Qxg6+ Kg8 42. Nxh6+ Kf8 43. Qf7# 1-0

[Event "Kalamazoo (MI Am/2/31)"]
[Site "?"]
[Date "1997.??.??"]
[Round "?"]
[White "Hosking, R."]
[Black "Vandenberg, J."]
[Result "1-0"]
[WhiteElo "1605"]
[BlackElo "1605"]
[PlyCount "87"]
[EventDate "1997.??.??"]

{2/(31)} 1. d4 Nc6 2. Nf3 d5 3. Bf4 Bg4 4. e3 Nf6 5. Be2 e6 6. a3 Nh5 7. Bg3
Nxg3 8. hxg3 Qf6 9. Nbd2 Bd6 10. Rc1 O-O 11. Bd3 Rae8 12. Bxh7+ Kh8 13. Bf5+
Kg8 14. Bxg4 e5 15. dxe5 Bxe5 16. c3 Qe7 17. O-O f6 18. Re1 g5 19. Nd4 Bxd4 20.
exd4 Qh7 21. Rxe8 Rxe8 22. Qf3 Kg7 23. Qxd5 Rh8 24. Qd7+ Kg8 25. Qxh7+ Rxh7 26.
Re1 Rf7 27. Be6 Kg7 28. Bxf7 Kxf7 29. Nb3 f5 30. Nc5 f4 31. gxf4 gxf4 32. Ne6
Ke7 33. Nxf4+ Kd7 34. g4 Ne7 35. g5 Ke8 36. g6 Kf8 37. Rxe7 Kxe7 38. g7 Kf7 39.
Nh5 Kg8 40. Kg2 Kh7 41. Kg3 Kg8 42. Kg4 Kh7 43. Kg5 Kg8 44. Kg6 1-0

[Event "Lansing (MOR/6/20)"]
[Site "?"]
[Date "1997.??.??"]
[Round "?"]
[White "Hosking, R."]
[Black "Scioly, Tony"]
[Result "0-1"]
[WhiteElo "1605"]
[BlackElo "1605"]
[PlyCount "60"]
[EventDate "1997.??.??"]

{6/(20)} 1. d4 Nf6 2. c4 e6 3. Nf3 Bb4+ 4. Bd2 Qe7 5. a3 Bxd2+ 6. Nbxd2 d5 7.
e3 c5 8. Bd3 Nc6 9. cxd5 exd5 10. O-O c4 11. Be2 b5 12. Qc1 O-O 13. b3 Bf5 14.
bxc4 bxc4 15. Nh4 Bg4 16. Bxg4 Nxg4 17. Nhf3 Nf6 18. Nb1 Na5 19. Nfd2 Ne4 20.
Nc3 Nxd2 21. Qxd2 Nb3 22. Qe2 Nxa1 23. Rxa1 Qe6 24. Na4 Rfe8 25. Nc5 Qf6 26.
Qg4 Rac8 27. Rb1 Qg6 28. Qd1 Rb8 29. Ra1 Rb5 30. Nd7 Qf5 0-1

[Event "Kalamazoo (MI Am/4/27)"]
[Site "?"]
[Date "1997.??.??"]
[Round "?"]
[White "Hosking, R."]
[Black "Schaalma, S."]
[Result "1-0"]
[WhiteElo "1605"]
[BlackElo "1605"]
[PlyCount "95"]
[EventDate "1997.??.??"]

{4/(27)} 1. d4 d6 2. c4 e5 3. Nf3 f6 4. dxe5 dxe5 5. Qxd8+ Kxd8 6. Nc3 c6 7. a3
Be6 8. e3 Bd6 9. b3 Nh6 10. Bb2 Ke7 11. Be2 Nd7 12. O-O Nc5 13. b4 Nd7 14. c5
Bc7 15. Rfd1 b6 16. cxb6 Nxb6 17. Nd2 Rhd8 18. Nde4 Bd5 19. Nc5 Rab8 20. Na6
Rb7 21. h3 Nf7 22. Rdc1 Nd6 23. Nxd5+ Nxd5 24. Rxc6 Rd7 25. Nc5 Rb6 26. Rxb6
Bxb6 27. Nxd7 Kxd7 28. Rd1 Nc7 29. Bg4+ Ke7 30. Be2 Ke6 31. a4 Na8 32. a5 Bd8
33. Ba3 Be7 34. b5 g5 35. Bg4+ f5 36. Be2 Ne4 37. Bxe7 Kxe7 38. Rb1 Nc3 39. Rb2
Nc7 40. b6 axb6 41. axb6 Na6 42. Bxa6 h5 43. b7 f4 44. exf4 gxf4 45. b8=Q Kf6
46. Qd6+ Kf5 47. Bc8+ Ke4 48. Rb4# 1-0

[Event "Lansing (MOR/1b/6)"]
[Site "?"]
[Date "1997.??.??"]
[Round "?"]
[White "Hosking, R."]
[Black "Kreger, David"]
[Result "0-1"]
[WhiteElo "1605"]
[BlackElo "1645"]
[PlyCount "68"]
[EventDate "1997.??.??"]

1. d4 Nf6 2. c4 e6 3. Nf3 b6 4. a3 Be7 5. Bf4 O-O 6. Nc3 Nh5 7. Bg3 f5 8. h3
Bb7 9. Bh2 a5 10. e3 Nf6 11. Bd3 Kh8 12. Qc2 Bd6 13. Bxd6 cxd6 14. O-O-O d5 15.
Kb1 Qe7 16. Rdg1 Rc8 17. Qe2 Ne4 18. Rc1 dxc4 19. Bxe4 fxe4 20. Ne5 d5 21. Qh5
Qe8 22. Qh4 b5 23. Ne2 Nc6 24. Ng4 b4 25. Nf4 bxa3 26. Nh5 axb2 27. Kxb2 Nxd4
28. exd4 Qb5+ 29. Ka1 Qa4+ 30. Kb1 Qb3+ 31. Ka1 c3 32. Rxc3 Qxc3+ 33. Kb1 Qb3+
34. Ka1 Rc2 0-1

[Event "Lansing (MOR/7/20)"]
[Site "?"]
[Date "1997.??.??"]
[Round "?"]
[White "Hosking, R."]
[Black "Distefano, R."]
[Result "1/2-1/2"]
[WhiteElo "1605"]
[BlackElo "1630"]
[PlyCount "47"]
[EventDate "1997.??.??"]

{7/(20)} 1. d4 d5 2. c4 c6 3. Nf3 Nf6 4. Nc3 dxc4 5. a4 Bf5 6. Ne5 e6 7. Nxc4
Nbd7 8. e3 Bb4 9. Bd2 Qc7 10. Be2 O-O 11. Qb3 Be7 12. Rc1 Rab8 13. Bf3 c5 14.
Nb5 Qd8 15. Ncd6 a6 16. Nxf5 exf5 17. Nc3 cxd4 18. exd4 Re8 19. O-O Nc5 20.
dxc5 Qxd2 21. Rfd1 Qf4 22. Nd5 Nxd5 23. Qxd5 Rf8 24. Rc4 1/2-1/2

[Event "Lansing (MOR/3/25)"]
[Site "?"]
[Date "1997.??.??"]
[Round "?"]
[White "Hosking, R."]
[Black "Aldrich, Justin"]
[Result "1-0"]
[WhiteElo "1605"]
[BlackElo "1605"]
[PlyCount "49"]
[EventDate "1997.??.??"]

{3/(25)} 1. d4 d5 2. c4 dxc4 3. Nf3 Nf6 4. Nc3 Bf5 5. Bf4 e6 6. e3 Nbd7 7. Bxc4
Bd6 8. Bg5 h6 9. Bh4 c6 10. e4 g5 11. exf5 gxh4 12. fxe6 fxe6 13. Qe2 Nd5 14.
O-O Qf6 15. Bxd5 cxd5 16. Nxd5 Qf7 17. Rfe1 O-O-O 18. Qxe6 Qf8 19. Ne5 Rg8 20.
Rac1+ Kb8 21. Nxd7+ Rxd7 22. Qxd7 Rxg2+ 23. Kxg2 Qg8+ 24. Kf1 Qxd5 25. Qc8# 1-0

[Event "Tecumseh (RVO/2/24)"]
[Site "?"]
[Date "1997.??.??"]
[Round "?"]
[White "Hooker, Larry"]
[Black "Mahaffy, Mike"]
[Result "1-0"]
[WhiteElo "1605"]
[BlackElo "1605"]
[PlyCount "26"]
[EventDate "1997.??.??"]

{2/(24)} 1. e4 c5 2. Nf3 d6 3. Bc4 Nf6 4. Ng5 e6 5. Nc3 h6 6. Nf3 Nc6 7. Bb5 g6
8. d4 a6 9. Bxc6+ bxc6 10. dxc5 d5 11. exd5 exd5 12. Be3 Qc7 13. Qd4 Be7 {
[Remainder of scoresheet illegible]} 1-0

[Event "Kalamazoo (MI Am/2/21)"]
[Site "?"]
[Date "1997.??.??"]
[Round "?"]
[White "Holt, David"]
[Black "Kuczek, Kevin"]
[Result "1-0"]
[WhiteElo "1650"]
[BlackElo "1605"]
[PlyCount "55"]
[EventDate "1997.??.??"]

{2/(21)} 1. e4 e6 2. d4 d5 3. Nc3 Bb4 4. Bd3 Ne7 5. Nf3 c5 6. dxc5 Bxc3+ 7.
bxc3 O-O 8. O-O Nbc6 9. exd5 Nxd5 10. c4 Nf6 11. Bg5 h6 12. Bh4 g5 13. Bg3 Qa5
14. Bd6 Rd8 15. Re1 Ne8 16. a3 Nxd6 17. cxd6 Kf8 18. Be4 Qc5 19. Bxc6 bxc6 20.
Ne5 Rxd6 21. Qh5 Rd7 22. Nxd7+ Bxd7 23. Rad1 Ke7 24. Qxh6 Bc8 25. h4 gxh4 26.
Qxh4+ Kf8 27. Qh8+ Ke7 28. Qd8# 1-0

[Event "Kalamazoo (MI Am/4/20)"]
[Site "?"]
[Date "1997.??.??"]
[Round "?"]
[White "Holt, David"]
[Black "Biondo, Anthony"]
[Result "1-0"]
[WhiteElo "1650"]
[BlackElo "1605"]
[PlyCount "65"]
[EventDate "1997.??.??"]

{4/(20)} 1. e4 e5 2. Nf3 Nc6 3. Bc4 Bc5 4. O-O d6 5. h3 Nf6 6. Re1 O-O 7. b4
Bxb4 8. c3 Ba5 9. d4 exd4 10. Nxd4 Ne5 11. Bb3 Bd7 12. Nf3 Nc6 13. e5 dxe5 14.
Nxe5 Nxe5 15. Rxe5 Bb6 16. Na3 Qc8 17. Nc4 Rd8 18. Nxb6 cxb6 19. Qf3 Bc6 20.
Qg3 Ne4 21. Qf4 Nf6 22. Ba3 Rd7 23. Rae1 Qc7 24. Qe3 Be4 25. Rxe4 Nxe4 26. Qxe4
g6 27. Bc1 Qxc3 28. Bh6 Rdd8 29. Qe7 Kh8 30. Re3 Qd4 31. Qxf7 Rac8 32. Re7 Rc1+
33. Bxc1 1-0

[Event "Kalamazoo (MI Am/2/9)"]
[Site "?"]
[Date "1997.??.??"]
[Round "?"]
[White "Holt, Dan"]
[Black "Williams, Ken"]
[Result "0-1"]
[WhiteElo "1605"]
[BlackElo "1885"]
[PlyCount "100"]
[EventDate "1997.??.??"]

{2/(9)} 1. d4 Nf6 2. e3 e6 3. Bd3 d5 4. Nd2 c5 5. c3 Nc6 6. f4 Bd6 7. Ngf3 cxd4
8. cxd4 Bd7 9. a3 a6 10. O-O Qb6 11. Ne5 Na7 12. b4 Bb5 13. Bb2 Bxd3 14. Nxd3
Nc6 15. Ne5 a5 16. Nxc6 bxc6 17. Bc3 axb4 18. axb4 O-O 19. Qb3 Rfb8 20. Rfb1 h6
21. h3 Ne8 22. Rxa8 Rxa8 23. Nf3 Nc7 24. Ne5 Bxe5 25. fxe5 Na6 26. Kh2 Rb8 27.
g4 Qb5 28. Qb2 Qd3 29. Bd2 Nc7 30. Rc1 Rb6 31. Kg3 Ra6 32. Kf3 Na8 33. Qc2 Qxc2
34. Rxc2 Nc7 35. h4 Kf8 36. h5 Ke7 37. e4 Nb5 38. Be3 Ra3 39. Kf4 Kd7 40. exd5
exd5 41. Rb2 Rd3 42. Ra2 Rb3 43. Rd2 Rxb4 44. Kf5 Nc7 45. g5 hxg5 46. Bxg5 Ne6
47. Be3 Rb3 48. Bg1 Rg3 49. Be3 Rxe3 50. Rg2 Re4 0-1

[Event "Kalamazoo (MI Am/5/23)"]
[Site "?"]
[Date "1997.??.??"]
[Round "?"]
[White "Holt, Dan"]
[Black "Biondo, Anthony"]
[Result "1-0"]
[WhiteElo "1605"]
[BlackElo "1605"]
[PlyCount "207"]
[EventDate "1997.??.??"]

{5/(23)} 1. d4 Nf6 2. e3 g6 3. Bd3 Bg7 4. Nd2 d6 5. Ngf3 Bg4 6. O-O Nc6 7. c3
Qd7 8. Re1 O-O 9. Nf1 Rfe8 10. e4 e5 11. Bb5 a6 12. Ba4 b5 13. Bc2 Bxf3 14.
gxf3 Nh5 15. Ng3 Nxg3 16. fxg3 exd4 17. cxd4 Nxd4 18. Be3 Nc6 19. Qd2 Bxb2 20.
Rad1 Ba3 21. Qd5 Re5 22. Qd3 Bb4 23. Rf1 Rd8 24. Bf4 Rc5 25. Bb3 Ba5 26. Be3
Re5 27. f4 Re7 28. Qd5 Rde8 29. f5 Nb4 30. Qd4 Rxe4 31. Qf6 Rxe3 32. fxg6 Rxg3+
33. hxg3 Bb6+ 34. Rf2 Bxf2+ 35. Kxf2 hxg6 36. Qxg6+ Kf8 37. Qh6+ Ke7 38. Qg5+
f6 39. Re1+ Kd8 40. Qxf6+ Re7 41. Rh1 Kc8 42. Rh8+ Kb7 43. a3 Nd3+ 44. Kf3 Ne5+
45. Kg2 Qc6+ 46. Kf1 Qc1+ 47. Kg2 Qd2+ 48. Qf2 Qxf2+ 49. Kxf2 Ng4+ 50. Kg2 Re3
51. Bd5+ Kb6 52. Rh4 Nf6 53. Bf3 Rxa3 54. g4 b4 55. g5 Ng8 56. Rxb4+ Kc5 57.
Rf4 a5 58. Rf8 a4 59. Rxg8 Ra2+ 60. Kg3 Ra1 61. Re8 a3 62. Ra8 a2 63. Kf2 Rb1
64. Rxa2 Rb8 65. Ra8 Rb6 66. g6 d5 67. Bh5 Rxg6 68. Bxg6 Kd4 69. Rc8 c5 70. Ke2
Kc4 71. Kd2 Kd4 72. Bf7 Ke5 73. Rxc5 Kd4 74. Rxd5+ Ke4 75. Ke2 Kf4 76. Be6 Ke4
77. Ra5 Kd4 78. Kd2 Ke4 79. Ra4+ Ke5 80. Bh3 Kd5 81. Kd3 Ke5 82. Bg2 Kf5 83.
Ke3 Ke6 84. Ke4 Kd6 85. Kd4 Ke6 86. Ra5 Kf6 87. Ke4 Kg6 88. Kf4 Kh6 89. Kg4 Kg6
90. Ra6+ Kf7 91. Kf5 Ke7 92. Rh6 Kd7 93. Ke5 Kc7 94. Kd5 Kb7 95. Kc5+ Kc7 96.
Rh7+ Kd8 97. Kc6 Ke8 98. Kd6 Kf8 99. Ke6 Kg8 100. Ra7 Kf8 101. Bd5 Kg8 102.
Kf6+ Kh8 103. Be4 Kg8 104. Ra8# 1-0